Score 0/24 Timer 03:00
0 Plays Today
Hint Answer % Correct
Thirteen ______ WhyReasons
90.9%
Miss Peregrine's ______ for Peculiar ChildrenHome
89.6%
I'll Give ______ the SunYou
88%
The ______ ThiefBook
84.4%
______ Ask AliceGo
83.7%
______ I StayIf
78.5%
The Golden ______Compass
77.4%
I Am ______ FourNumber
74.3%
The ______ RunnerMaze
73.6%
It's Kind of a ______ StoryFunny
66.2%
Breaking ______Dawn
65.5%
______ EverlastingTuck
61%
Hint Answer % Correct
Red ______Queen
54.8%
______ AcademyVampire
54.3%
Me and ______ and the Dying GirlEarl
45%
The 5th ______Wave
40.8%
The ______ True Diary of a Part-Time IndianAbsolutely
36.2%
An Abundance of ______Katherines
32.5%
Eleanor & ______Park
31.9%
Alice in ______Zombieland
27.7%
We Were ______Liars
20.9%
The Last ______Olympian
13.5%
The ______ of Mara DyerUnbecoming
13.3%
The House of the ______ Scorpion
7.7%

Today's Daily Dose

Missing Word
Lizzo Songs

Get the Picture
The Longest Rivers

Remove Ads.
Support Sporcle.
Get the best of Sporcle when you Go Orange. This ad-free experience offers more features, more stats, and more fun while also helping to support Sporcle. Thank you for becoming a member.

You're not logged in!

Compare scores with friends on all Sporcle quizzes.
OR
Log In

Show Comments

Extras

Top Quizzes Today


Score Distribution

Your Account Isn't Verified!

In order to create a playlist on Sporcle, you need to verify the email address you used during registration. Go to your Sporcle Settings to finish the process.

Report this User

Report this user for behavior that violates our Community Guidelines.

Details: